[Event "Curitiba Fexpar op 1st"]
[Site "Curitiba"]
[Date "2018.11.02"]
[Round "1"]
[White "Calcado, Acyr Rogerio"]
[Black "Da Silva, Ronivan Sousa"]
[Result "1-0"]
[WhiteElo "2093"]
[BlackElo "1537"]
[PlyCount "53"]
[EventDate "2018.11.02"]
[EventType "swiss"]
[EventRounds "7"]
[EventCountry "BRA"]
[SourceTitle "EXT 2020"]
[Source "ChessBase"]
[SourceDate "2019.10.17"]
[SourceVersion "1"]
[SourceVersionDate "2019.10.17"]
[SourceQuality "1"]

1. e4 c5 2. Nf3 Nc6 3. d4 cxd4 4. Nxd4 Nf6 5. Nc3 e5 6. Ndb5 h6 7. Nd6+ Bxd6 8. Qxd6 Qe7 9. Qd1 d6 10. f3 Be6 11. Be3 a6 12. Qd2 b5 13. 0-0-0 Rd8 14. Nd5 Bxd5 15. exd5 Nb8 16. g4 Qc7 17. h4 Rc8 18. Rh2 Nbd7 19. Bh3 Nb6 20. Bxb6 Qxb6 21. g5 Nd7 22. f4 f6 23. Qd3 Ke7 24. gxf6+ gxf6 25. Rg2 Rhg8 26. Qh7+ Kd8 27. Qxd7# 1-0